1279 1794 1611 1871 1188 1732 1978 1441 1365 1629 1321 1032 1769 1391 1688 1516 1565 1865 1880 1951 1265 1055 1954 1306 1462 1196 1361 1237 1072 1244 1126 1729 1070 1866 1328 1018 1500 1837 1571 1772 1077 1816 1198 1569 1681 1032 1574 1497 1354 1595 1180 1276 1687 1134 1255 1290 1875 1771 1158 1344 1152 1646 1137 1370 1506 1173 1578 1367 1562 1522 1407 1149 1919 1355 1260 1917 1076 1138 1705 1705 1473 1898 1327 1315 1765 1706 1650 1453 1775 1646 1508 1448 1123 1799 1094 1039 1380 1618 1200 BCNSPRNW ULIB Ver.6.0+V

เปลี่ยนเป็นภาษาไทย

Change to English
 แสดงรายละเอียดบรรณานุกรม
  กลับหน้าหลัก

Brief Record : Get Marc (ISO 2709) : E-mail record : QR code < ปิดหน้าต่าง
LEADER : 00000nam 2200000uu 4500
001    13399111256
003     ULIB
008    110621s||||||||th 000 0 tha d
020    9789748420585
050  4 BF637.S8^bอ598ด ล.3 2551
100 0  อาจอง ชุมสาย ณ อยุธยา
245 10 ด้วยรักบันดาล...นิทานสีขาว /^cเล่าเรื่องโดย อาจอง ชุมสาย ณ อยุธยา ;สุพัตรา แซ่ลิ่ม เรียบเรียง ;[บรรณาธิการ อิศวเรศ ตโมนุท]
250    พิมพ์ครั้งที่ 2
260    กรุงเทพฯ :^bฟรีมายด์,^c2551
300    195 หน้า :^bภาพประกอบ
650  4 นิทานสอนใจ
650  4 การดำเนินชีวิต
650  4 ความสำเร็จ
650  4 นิทานคติธรรม
700 0  สุพัตรา แซ่ลิ่ม
700 0  อิศวเรศ ตโมนุท,^eบรรณาธิการ
945    ^p185^l0^i024045
945    ^p185^l0^i024044
995    ทศพร
999 ^a ใช้งานได้ทุกระบบ
รายการนี้ยังไม่มีแท็ก
คุณยังไม่ได้ล็อกอิน คุณสามารถมีกิจกรรมร่วมกับเว็บไซต์ได้ แต่ต้องล็อกอินก่อน ::
  ล็อกอิน

รายการสื่อสารสนเทศ

ลำดับที่ ประเภท เลขเรียก/บาร์โค้ด สถานที่ สถานะ
- ไม่พบข้อมูล -

รายการใกล้เคียง
    ผู้แต่ง [อาจอง ชุมสาย ณ อยุธยา]

    หัวเรื่อง [นิทานสอนใจ]
    หัวเรื่อง [การดำเนินชีวิต]
    หัวเรื่อง [ความสำเร็จ]
    หัวเรื่อง [นิทานคติธรรม]

BibComment


ยังไม่เคยถูกคอมเมนท์

คอมเมนท์ทรัพยากรรายการนี้
  คอมเมนท์: ด้วยรักบันดาลนิทา..


 Copyright 2026. Bcnsprnw @Library